000 00654nam a2200217Ii 4500
001 16093
003 CO-ViMGA
008 241108s9999||||xx |||||||||||||| ||und||
020 _a97895842239069584223909
040 _aCO-ViMGA
_bspa
_erda
_cCO-ViMGA
041 0 _aunk
082 0 4 _aCo863.6 J17b
100 1 _aMario Jaramillo
245 1 0 _aBolas negras
264 1 _a[Lugar de publicación no identificado] : Planeta, [Fecha de publicación no identificada]
300 _avolumen
336 _atext
_btxt
_2rdacontent
337 _aunmediated
_bn
_2rdamedia
338 _avolume
_bnc
_2rdacarrier
940 _aidficha_siabuc: 15763. -- ficha_no_siabuc:16093
999 _c54049
_d54049